Investigations on certain biochemical changes and phyllosphere microflora of Hevea brasiliensis as influenced by nitrogenous fertilizer application and Corynespora cassiicola inoculation (Record no. 52541)

MARC details
000 -LEADER
fixed length control field 00557nam a2200133Ia 4500
100 ## - MAIN ENTRY--AUTHOR NAME
Personal name Joseph A.
245 #0 - TITLE STATEMENT
Title Investigations on certain biochemical changes and phyllosphere microflora of Hevea brasiliensis as influenced by nitrogenous fertilizer application and Corynespora cassiicola inoculation
260 ## - PUBLICATION, DISTRIBUTION, ETC. (IMPRINT)
Name of publisher Ph.D. Thesis, Mahatma Gandhi University, Kottayam, India, 188 p.
Year of publication 1998
650 ## - SUBJECT ADDED ENTRY--TOPICAL TERM
Topical Term Biochemical change
650 ## - SUBJECT ADDED ENTRY--TOPICAL TERM
Topical Term Corynespora cassiicola
650 ## - SUBJECT ADDED ENTRY--TOPICAL TERM
Topical Term Phyllosphere microflora
942 ## - ADDED ENTRY ELEMENTS (KOHA)
Koha item type Bibliography STAF
Holdings
Withdrawn status Lost status Damaged status Not for loan Home library Current library Date acquired Koha item type
      Bibliography RRII Library RRII Library 09/04/2014 Bibliography STAF